[Event "Mar del Plata op 47th"]
[Site "Mar del Plata"]
[Date "2016.03.21"]
[Round "4"]
[White "Sandoval, Teofilo"]
[Black "Di Giannantonio, Nino"]
[Result "0-1"]
[WhiteElo "2097"]
[BlackElo "2351"]
[PlyCount "85"]
[EventDate "2016.03.19"]
[EventType "swiss"]
[EventRounds "9"]
[EventCountry "ARG"]
[SourceTitle "CBM 171 Extra"]
[Source "ChessBase"]
[SourceDate "2016.04.26"]
[SourceVersion "1"]
[SourceVersionDate "2016.04.26"]
[SourceQuality "1"]

1. d4 d5 2. Nf3 Nf6 3. g3 c6 4. Bg2 Bg4 5. Nbd2 Nbd7 6. h3 Bh5 7. 0-0 e6 8. c4 Be7 9. b3 0-0 10. Bb2 a5 11. a3 Qb6 12. Rc1 Rfe8 13. e3 h6 14. Re1 Ne4 15. g4 Bg6 16. Nxe4 Bxe4 17. Nd2 Bxg2 18. Kxg2 Rad8 19. c5 Qb5 20. Qe2 Qxe2 21. Rxe2 e5 22. f4 exf4 23. exf4 Bh4 24. Kf3 Rxe2 25. Kxe2 Re8+ 26. Kd3 Bf2 27. Rf1 Re3+ 28. Kc2 Bh4 29. Nf3 Bg3 30. Bc1 Re2+ 31. Kd3 Ra2 32. Nd2 g5 33. fxg5 hxg5 34. Nf3 f6 35. Nd2 Bf4 36. a4 Nb8 37. Nf3 Bxc1 38. Rxc1 Na6 39. Ke3 Nb4 40. Nd2 Nc2+ 41. Kd3 Nxd4 42. Rf1 Ne6 43. Rxf6 0-1

[Event "Pinamar Despedida 2011"]
[Site "Pinamar"]
[Date "2012.01.23"]
[Round "9"]
[White "Labrunee, Juan Pablo"]
[Black "Sandoval, Teofilo"]
[Result "1-0"]
[WhiteElo "2185"]
[BlackElo "2091"]
[PlyCount "91"]
[EventDate "2012.01.04"]
[EventType "tourn"]
[EventRounds "10"]
[EventCountry "ARG"]
[SourceTitle "EXT 2014"]
[Source "ChessBase"]
[SourceDate "2013.11.20"]
[SourceVersion "1"]
[SourceVersionDate "2013.11.20"]
[SourceQuality "1"]

1. d4 Nf6 2. Nf3 g6 3. c4 Bg7 4. h3 c5 5. d5 d6 6. Nc3 0-0 7. e4 a6 8. Be2 e6 9. 0-0 exd5 10. exd5 Nbd7 11. Bf4 Ne8 12. Re1 Ne5 13. Qd2 f6 14. Rab1 Bf5 15. Rbd1 Nc7 16. Nh4 Bd7 17. Bh6 b5 18. Bxg7 Kxg7 19. b3 f5 20. Nf3 Nxf3+ 21. Bxf3 b4 22. Ne2 Qf6 23. Nf4 a5 24. Ne6+ Bxe6 25. dxe6 Ra6 26. Bd5 Re8 27. Qe3 h6 28. Re2 Re7 29. Rde1 g5 30. f4 Kg6 31. Kh2 Rb6 32. Qg3 Ne8 33. fxg5 hxg5 34. Rf2 Ng7 35. h4 f4 36. Qg4 Rb8 37. g3 Rh8 38. Be4+ Kh6 39. gxf4 gxh4 40. f5 Nh5 41. Bf3 Ng3 42. Qf4+ Kg7 43. Bg4 Rd8 44. Bh3 d5 45. Qg4+ Kh7 46. Rf4 1-0

[Event "Pinamar Despedida 2011"]
[Site "Pinamar"]
[Date "2012.01.16"]
[Round "6"]
[White "Sandoval, Teofilo"]
[Black "Cristobal, Manuel"]
[Result "0-1"]
[WhiteElo "2091"]
[BlackElo "2287"]
[PlyCount "72"]
[EventDate "2012.01.04"]
[EventType "tourn"]
[EventRounds "10"]
[EventCountry "ARG"]
[SourceTitle "EXT 2014"]
[Source "ChessBase"]
[SourceDate "2013.11.20"]
[SourceVersion "1"]
[SourceVersionDate "2013.11.20"]
[SourceQuality "1"]

1. d4 Nf6 2. c4 g6 3. g3 Bg7 4. Bg2 0-0 5. Nf3 d6 6. 0-0 Nc6 7. Nc3 a6 8. b3 Rb8 9. Bg5 h6 10. Bd2 b5 11. cxb5 axb5 12. Rc1 Bd7 13. d5 Na7 14. Be3 Nc8 15. Qd2 Kh7 16. Nd4 b4 17. Nb1 e5 18. dxe6 fxe6 19. Nc6 Bxc6 20. Bxc6 Ng4 21. f3 Nxe3 22. Qxe3 Rf6 23. Qd3 Ne7 24. e4 Rb6 25. Ba4 Rf7 26. Nd2 c5 27. Rxc5 Nd5 28. Rc2 Nc3 29. Nc4 Ra6 30. Kg2 Rfa7 31. f4 Nxa4 32. bxa4 Rxa4 33. Qxd6 Qxd6 34. Nxd6 Rxa2 35. Rxa2 Rxa2+ 36. Kh3 g5 0-1

[Event "Buenos Aires Larsen Memorial"]
[Site "Buenos Aires"]
[Date "2011.08.25"]
[Round "3"]
[White "Antonio, Jorge Carlos"]
[Black "Sandoval, Teofilo"]
[Result "1-0"]
[WhiteElo "2314"]
[BlackElo "2104"]
[PlyCount "64"]
[EventDate "2011.08.24"]
[EventType "tourn"]
[EventRounds "9"]
[EventCountry "ARG"]
[EventCategory "3"]
[SourceTitle "CBM 144 Extra"]
[Source "ChessBase"]
[SourceDate "2011.10.28"]
[SourceVersion "1"]
[SourceVersionDate "2011.10.28"]
[SourceQuality "1"]

1. d4 d6 2. e4 g6 3. Nf3 Bg7 4. Be3 Nf6 5. Nc3 c6 6. Bd3 b5 7. 0-0 a6 8. h3 0-0 9. Qd2 Qc7 10. Rfe1 e5 11. Ne2 exd4 12. Bxd4 c5 13. e5 cxd4 14. exf6 Bxf6 15. Nexd4 Bb7 16. c3 Nc6 17. Nxc6 Bxc6 18. Nd4 Bb7 19. Be4 d5 20. Bf3 Rfe8 21. a3 Kg7 22. g3 h5 23. h4 Qd7 24. Bg2 a5 25. Bf1 b4 26. Rxe8 Qxe8 27. axb4 axb4 28. Rxa8 Qxa8 29. cxb4 Ba6 30. b5 Bc8 31. Bg2 Qa1+ 32. Kh2 Be6 1-0

[Event "Berazategui op"]
[Site "Berazategui"]
[Date "2007.04.??"]
[Round "3"]
[White "Sandoval, Teofilo"]
[Black "Hungaski, Robert Andrew"]
[Result "0-1"]
[WhiteElo "2183"]
[BlackElo "2382"]
[PlyCount "190"]
[EventDate "2007.04.??"]
[EventType "swiss"]
[EventRounds "7"]
[EventCountry "ARG"]
[SourceTitle "CBM 117 Extra"]
[Source "ChessBase"]
[SourceDate "2007.05.09"]
[SourceVersion "1"]
[SourceVersionDate "2007.05.09"]
[SourceQuality "1"]

1. e4 e5 2. Nf3 Nc6 3. d4 exd4 4. Nxd4 Bc5 5. Nxc6 Qf6 6. Qe2 dxc6 7. Nc3 Bd4 8. Bd2 Ne7 9. Qf3 Qxf3 10. gxf3 Be6 11. Nd1 Ng6 12. h4 h5 13. Bg5 f6 14. Be3 Be5 15. Be2 Kf7 16. Bd2 Nf4 17. Bxf4 Bxf4 18. Ne3 b5 19. a3 Rad8 20. Rd1 g6 21. Ng2 Rxd1+ 22. Bxd1 Bc1 23. b3 Bxa3 24. Nf4 Bc8 25. Be2 Rd8 26. Rg1 Bb4+ 27. Kf1 Bd2 28. Ng2 Be6 29. Bd3 a5 30. Ke2 Bh6 31. f4 f5 32. f3 Kf6 33. Ra1 Ra8 34. e5+ Kf7 35. c4 b4 36. Ke3 Bf8 37. Ne1 Be7 38. Ng2 Bc5+ 39. Ke2 Bd4 40. Ra4 Bd7 41. Ra2 Bc5 42. Ne3 Bc8 43. Ra4 Bb7 44. Ng2 Ke6 45. Bc2 Be7 46. Ra1 Bc8 47. Rd1 Bd7 48. Rg1 Be8 49. Rd1 Bf7 50. Ra1 Kd7 51. Ra4 Kc8 52. Bd3 Kb7 53. Bc2 Kb6 54. Bd3 Kc5 55. Ke3 Be6 56. Be2 Bf7 57. Bd3 Be8 58. Bc2 Ra7 59. Bd3 Bd7 60. Bc2 Kb6 61. Ke2 Ra8 62. Ke3 c5 63. Ra1 Be6 64. Kd3 Rd8+ 65. Ke3 Rd4 66. Bd3 Bd7 67. Ke2 Ka6 68. Ke3 Be8 69. Be2 Bc6 70. Rg1 a4 71. Ne1 axb3 72. Nd3 Kb6 73. Nb2 Be8 74. Bd1 Bxh4 75. Bxb3 Bf2+ 76. Kxf2 Rd2+ 77. Ke3 Rxb2 78. Bd1 Rb1 79. Kd2 Ra1 80. Re1 Kb7 81. e6 c6 82. Re5 Ra5 83. Bc2 Kc7 84. Bxf5 gxf5 85. Rxf5 Kd6 86. Rf8 Ke7 87. Rh8 Ra3 88. Ke2 b3 89. f5 b2 90. Rh7+ Kf6 91. Rb7 Ra2 92. Ke3 Kxf5 93. e7 Kf6 94. Kf4 Bg6 95. Kg3 Kf7 0-1